Introducción al pensamiento filosófico /

Este libro es una introducción al pensamiento filosófico. Contenido del Volumen 2: ¿Qué es Metafísica?; Los Fundamentos de la Moral; El Espacio y el Tiempo; Filosofía de la Naturaleza y el Espíritu; La Conciencia.

Guardado en:
Detalles Bibliográficos
Autor principal: Gourinat, Michel (autor)
Formato: Libro
Idioma:Español
Publicado: Madrid, España : Istmo, 1974
Colección:(Fundamentos ; 40)
Temas:
Etiquetas: Agrega una etiqueta
Sin etiquetas, Sé el primero en etiquetar este registro!

MARC

LEADER 00000nam^a2200000^a^4500
001 000000892
005 20250521000000.0
009 20260310083044.491
020 |a 84-7090-050-1 
037 |a Acervo ITESO - Biblioteca 
041 |a ESP 
082 |a 100.  |b GOU V. 2 
100 |a Gourinat, Michel  |e (autor) 
245 1 0 |a Introducción al pensamiento filosófico /  |c M. Gourinat ; tr. por Santiago González Noriega. 
264 1 |a Madrid, España :  |b Istmo,  |c 1974 
300 |a 390 p. 
336 |a texto  |b txt  |2 rdacontenido 
337 |a sin mediación  |b n  |2 rdamedio 
338 |a volumen  |b nc  |2 rdasoporte 
440 1 |a (Fundamentos ;  |v 40) 
500 |a Traducción de: De la Philosophie 
520 |a Este libro es una introducción al pensamiento filosófico. Contenido del Volumen 2: ¿Qué es Metafísica?; Los Fundamentos de la Moral; El Espacio y el Tiempo; Filosofía de la Naturaleza y el Espíritu; La Conciencia. 
649 |a XX 
650 |a Filosofía 
910 |a Fondo General 
920 |a Impresos - Libros 
930 |a Colección General 
905 |a 101 
901 |a 0008920100  |b IT1  |c ACC  |i 000892  |u 20250521 
902 |a https://opac.biblio.iteso.mx/vufind/Record/000000892